Устройство контроля параметров микропроцессорное (УУПО); Современные техника и технологии; Т. 2

Detalles Bibliográficos
Parent link:Современные техника и технологии: 14 Международная научно-практическая конференция студентов, аспирантов и молодых ученых, г. Томск, 24-28 марта 2008 г./ Томский политехнический университет (ТПУ).— , 2008
Т. 2.— 2008.— С. 416-417
Autor principal: Эверт М. Ю.
Otros Autores: Мативосов Р. А. (научный руководитель), Кудрявцев В. А. Владимир Александрович, Кудрявцев В. А.
Lenguaje:ruso
Publicado: 2008
Materias:
Formato: MixedMaterials Capítulo de libro
KOHA link:https://koha.lib.tpu.ru/cgi-bin/koha/opac-detail.pl?biblionumber=151636

MARC

LEADER 00000naa2a2200000 4500
001 151636
005 20231031150800.0
035 |a (RuTPU)RU\TPU\book\164404 
090 |a 151636 
100 |a 20090126d2008 k y0rusy50 ca 
101 0 |a rus 
102 |a RU 
200 1 |a Устройство контроля параметров микропроцессорное (УУПО)  |f М. Ю. Эверт, Р. А. Мативосов, В. А. Кудрявцев  |g науч. рук. В. А. Кудрявцев 
320 |a Библиогр.: 3 назв. 
461 1 |0 (RuTPU)RU\TPU\book\156858  |t Современные техника и технологии  |o 14 Международная научно-практическая конференция студентов, аспирантов и молодых ученых, г. Томск, 24-28 марта 2008 г.  |o труды  |o в 3 т.  |f Томский политехнический университет (ТПУ)  |d 2008 
463 1 |0 (RuTPU)RU\TPU\book\158716  |t Т. 2  |v С. 416-417  |d 2008  |p 434 с. 
610 1 |a контроль 
610 1 |a устройства контроля 
610 1 |a микропроцессоры 
610 1 |a автоматизация 
610 1 |a термоядерная промышленность 
610 1 |a охлаждение 
610 1 |a труды учёных ТПУ 
700 1 |a Эверт  |b М. Ю. 
701 1 |a Мативосов  |b Р. А. 
701 1 |a Кудрявцев  |b В. А.  |c специалист в области физических установок  |c ассистент Томского политехнического университета  |f 1878-  |g Владимир Александрович  |2 stltpush  |3 (RuTPU)RU\TPU\pers\28154 
702 1 |a Кудрявцев  |b В. А.  |4 727 
801 1 |a RU  |b 63413507  |c 20090126  |g PSBO 
801 2 |a RU  |b 63413507  |c 20160627  |g RCR 
942 |c BK